Detalles MARC
| 000 -LÍDER |
| Campo fijo de descripción fija |
01909nam a2200325 i 4500 |
| 001 - NÚMERO DE CONTROL |
| Campo de control |
768714001 |
| 003 - IDENTIFICADOR DEL NÚMERO DE CONTROL |
| Campo de control |
CO-MdFUSB |
| 005 - FECHA Y HORA DE LA ULTIMA TRANSACCIÓN |
| control field |
20230531160638.0 |
| 007 - CAMPO FIJO DE DESCRIPCIÓN FIJA--INFORMACIÓN GENERAL |
| Campo fijo de descripción fija |
ta |
| 008 - ELEMENTOS DE LONGITUD FIJA -- INFORMACIÓN GENERAL |
| Campo fijo de descripción fija -- Información general |
230504t1984 -sp||||| |||| 00| | spa d |
| 020 ## - NÚMERO INTERNACIONAL NORMALIZADO PARA LIBROS |
| Número Internacional Normalizado del libro |
9788430109364 |
| 040 ## - FUENTE DE CATALOGACIÓN |
| Agencia de catalogación original |
CO-MdFUSB |
| Idioma de catalogación |
spa |
| Agencia que realiza la transcripción |
CO-MdFUSB |
| Agencia que realiza la modificación |
CO-MdFUSBC |
| Convenciones de la descripción |
rda |
| 041 ## - CÓDIGO DE IDIOMA |
| Código de idioma para texto/pista de sonido o título separado |
spa |
| 082 ## - NÚMERO DE CLASIFICACIÓN DECIMAL DEWEY |
| Número de la edición del Dewey |
23 |
| Número de clasificación |
224.607 |
| Clave de autor-Numero de item |
W855 |
| 100 ## - ASIENTO PRINCIPAL--NOMBRE PERSONAL |
| Nombre personal |
Wolff, Hans Walter, |
| Término relacionador |
autor |
| 240 ## - TITULO UNIFORME |
| Título uniforme |
<a href="Dei hochzeit der huve">Dei hochzeit der huve</a> |
| 245 ## - TÍTULO |
| Título del Material |
Oseas hoy : |
| Parte restante del título - Subtitulo |
las bodas de la ramera |
| Mención de responsabilidad, etc. |
/ Hans Walter Wolff ; traducido por Faustino Martínez Goñi |
| 264 #1 - PRODUCCIÓN, PUBLICACIÓN, DISTRIBUCIÓN, MANUFACTURA, Y COPYRIGHT |
| Lugar de producción, publicación, distribución, manufactura |
España : |
| Nombre del productor, publicador, distribuidor |
Ediciones Universidad de Salamanca, |
| Fecha de producción, publicación, distribución, manufactura, o copyright |
[1984] |
| 264 #4 - PRODUCCIÓN, PUBLICACIÓN, DISTRIBUCIÓN, MANUFACTURA, Y COPYRIGHT |
| Fecha de producción, publicación, distribución, manufactura, o copyright |
© 1984 |
| 300 ## - DESCRIPCIÓN FÍSICA |
| Extensión |
228 páginas ; |
| Dimensiones |
22 cm |
| 336 ## - TIPO DE CONTENIDO |
| Fuente |
rdacontent |
| Término de tipo de contenido |
texto |
| Código de tipo de contenido |
txt |
| 337 ## - TIPO DE MEDIO |
| Fuente |
rdamedia |
| Nombre del tipo de medio |
sin mediación |
| Código del tipo de medio |
n |
| 338 ## - TIPO DE SOPORTE |
| Fuente |
rdacarrier |
| Nombre del tipo de soporte |
volumen |
| Código Tipo de soporte |
nc |
| 505 ## - NOTA DE CONTENIDO |
| Nota de contenido con formato preestablecido |
Prologo -- ¡Toma por mujer a una prostituta! -- El pueblo de Dios crece -- La oposición de Dios -- El sostenimiento de la vida, ¿de donde? -- Reforma en el desierto -- Mi marido -- Repulsa de los ídolos -- Una nueva alianza -- Las bodas de la ramera -- Yo seré propicio -- La renovación de la iglesia -- El conocimiento de Dios y el juicio sobre el mundo -- Solo para teólogos -- Bajo los poderes de la seducción -- Educador de los impenitentes -- Escuela de oración -- Una oración rechazada -- El retorno a Dios, movimiento de vida -- La acción es semilla -- El gran impedimento para la alegría festiva -- ¿Queremos escuchar? -- Vuestro corazón es falso -- La guerra, fruto de una falsa confianza -- ]Inversión del amor -- Traición a la palabra profética -- La rebelión contra el salvador lleva a la muerte -- El nuevo Israel -- ¿Quién entiende las palabras proféticas? |
| 563 ## - NOTA DE ENCUADERNACIÓN |
| Nota de encuadernación |
Rustica |
| 630 07 - TITULO UNIFORME |
| Título uniforme |
Biblia. |
| Nombre de parte o sección de la obra |
Oseas |
| Subdivisión de materia general |
Crítica, interpretación, etc. |
| 700 ## - ASIENTO SECUNDARIO - NOMBRE PERSONAL |
| 9 (RLIN) |
8187 |
| Nombre personal |
Martínez Goñi, Faustino, |
| Responsabilidad |
traductor |
| 942 ## - TIPO DE MATERIAL (KOHA) |
| Tipo de Item KOHA |
Libros General |
| 945 ## - INFORMACIÓN LOCAL DEL REGISTRO |
| Catalogador |
Mag 1104 |